The Friday Multiple Choice Quiz (General Knowledge) #19 - Statistics

General Stats
  • This quiz has been taken 27 times
  • The average score is 5 of 10
Answer Stats
Question Answer % Correct
Which NFL team are based in Miami? Dolphins
92%
What was the name of the Bronte sisters' brother? Branwell
88%
Which city is the UK's City of Culture for 2026? Bradford
73%
What is the Australian term for an ox-bow lake? Billabong
65%
Which member of the British royal family turned 62 on 10th March 2026? Prince Edward
58%
What is a 'slippery dick'? A tropical fish
46%
Which team are sometimes referred to as the "aristocrats of English football"? West Ham United
35%
Which two artists have had UK top 40 singles with songs from the musical 'Annie'? Lou Rawls and Jay-Z
31%
What does a 'turophile' love? Cheese
27%
What is the world's largest French speaking city? Kinshasa
19%
No matching quizzes found
Score Distribution
Percent of People with Each Score
Percentile by Number Answered
Your Score History
You have not taken this quiz